000 00642cam a2200229 4500500
005 20260405002231.0
041 _afre
042 _adc
100 1 0 _aLacroix, Alexandre
_eauthor
245 0 0 _aLes voies de la résonance
260 _c2016.
500 _a80
690 _aAccélération
690 _aDurée
690 _aÉternité
690 _aHartmut Rosa
690 _aPrésent
690 _aRésonance
690 _aTemps
786 0 _nPhilosophie magazine | 101 | 7 | 2016-07-01 | p. 45-46 | 1951-1787
856 4 1 _uhttps://shs.cairn.info/magazine-philosophie-magazine-2016-7-page-45?lang=fr&redirect-ssocas=7080
999 _c2055687
_d2055687